| 000 | 00693nam a2200169 a 4500 | ||
|---|---|---|---|
| 008 | 120416s1985 ||||||||||||||||| || u | ||
| 050 | _aJQ 2881 Win | ||
| 100 | _aWina, Sikota | ||
| 245 | 1 | 4 | _aThe night without a president |
| 260 |
_aLusaka _bMultimedia Publications _c1985 |
||
| 300 | _aiv, 78 [8]p. : ill. | ||
| 350 | _a0.00 | ||
| 650 | _aPOLITICS | ||
| 650 | _aPOLITICS AND GOVERNANCE--ZAMBIA | ||
| 995 |
_aBINDERY (DAMAGED) _D0.00 _e707962 _FCBU-MAIN LIBRARY (Kitwe) _H1 _I0.00 _jJQ 2881 Win _M1 _UDAMAGED _y009085 _ZMain Library Open Access Collection |
||
| 995 |
_aSPECIAL COLLECTIONS _D0.00 _e707964 _FCBU-MAIN LIBRARY (Kitwe) _H2 _I0.00 _jZAM JQ 2881 Win _M2 _UAVAILABLE _y024169 _ZZambiana Collection |
||
| 999 |
_c78813 _d78813 |
||